000
00290nam a22001337a 4500
008
171123b xxu||||| |||| 00| 0 eng d
020
_a
156363497
041
_a
eng
080
_a
53
100
_a
43
101
_a
FIZ
245
_a
PSYSICIAN DESK REFERENCE
_c
THOMSON.M
942
_2
udc
_c
BK
999
_c
38308
_d
38308